<?xml version="1.0" encoding="UTF-8"?>
<record
    xmlns:xsi="http://www.w3.org/2001/XMLSchema-instance"
    xsi:schemaLocation="http://www.loc.gov/MARC21/slim http://www.loc.gov/standards/marcxml/schema/MARC21slim.xsd"
    xmlns="http://www.loc.gov/MARC21/slim">

  <leader>01153nam a2200265Ia 4500</leader>
  <controlfield tag="001">113661</controlfield>
  <controlfield tag="003">DR-UNIBE</controlfield>
  <controlfield tag="005">20250522103034.0</controlfield>
  <controlfield tag="007">cr nn 008mamaa</controlfield>
  <controlfield tag="008">250522b2013    dr ||||| |||| 00| 0 spa d</controlfield>
  <datafield tag="020" ind1=" " ind2=" ">
    <subfield code="a">9789945580143 (electr&#xF3;nico)</subfield>
  </datafield>
  <datafield tag="040" ind1=" " ind2=" ">
    <subfield code="a">BIBLIOTECA UNIBE</subfield>
    <subfield code="c">BIBLIOTECA UNIBE</subfield>
    <subfield code="e">rda</subfield>
  </datafield>
  <datafield tag="041" ind1=" " ind2=" ">
    <subfield code="a">spa</subfield>
  </datafield>
  <datafield tag="100" ind1="1" ind2=" ">
    <subfield code="a">Zald&#xED;var, Dionisio</subfield>
    <subfield code="e">autor</subfield>
    <subfield code="9">195849</subfield>
  </datafield>
  <datafield tag="245" ind1="1" ind2="0">
    <subfield code="a">Sexualidad humana</subfield>
  </datafield>
  <datafield tag="260" ind1="4" ind2=" ">
    <subfield code="a">Santiago de los Caballeros :</subfield>
    <subfield code="b">Universidad Abierta para Adultos (UAPA), </subfield>
    <subfield code="c">2013</subfield>
  </datafield>
  <datafield tag="300" ind1="4" ind2=" ">
    <subfield code="a">243  p&#xE1;ginas</subfield>
  </datafield>
  <datafield tag="505" ind1=" " ind2=" ">
    <subfield code="a">
UNIDAD I. INTRODUCCI&#xD3;N A LA SEXUALIDAD |



UNIDAD II. DESARROLLO DE LA SEXUALIDAD HUMANA |



UNIDAD III. CONCEPTO Y FUNCIONES DE LA SEXUALIDAD |



UNIDAD IV. ENFERMEDADES DE TRANSMISI&#xD3;N SEXUAL (ETS) |



UNIDAD V. OBST&#xC1;CULOS EN LA VIDA SEXUAL |



UNIDAD VI. ASPECTOS ESPECIALES EN LA SEXUALIDAD |

</subfield>
  </datafield>
  <datafield tag="650" ind1=" " ind2="7">
    <subfield code="a">Educaci&#xF3;n sexual </subfield>
    <subfield code="2">lemb</subfield>
  </datafield>
  <datafield tag="650" ind1=" " ind2="7">
    <subfield code="a">Sexo (Psicolog&#xED;a)</subfield>
    <subfield code="2">lemb</subfield>
  </datafield>
  <datafield tag="650" ind1=" " ind2="7">
    <subfield code="a"> Sexualidad</subfield>
    <subfield code="2">lemb</subfield>
    <subfield code="9">29775</subfield>
  </datafield>
  <datafield tag="856" ind1=" " ind2=" ">
    <subfield code="u">https://ebookcentral.proquest.com/lib/unibedr/detail.action?docID=6782164</subfield>
  </datafield>
  <datafield tag="942" ind1=" " ind2=" ">
    <subfield code="c">EB</subfield>
    <subfield code="2">ddc</subfield>
  </datafield>
  <datafield tag="951" ind1=" " ind2=" ">
    <subfield code="a">20061022 10:18:00</subfield>
  </datafield>
  <datafield tag="999" ind1=" " ind2=" ">
    <subfield code="c">113662</subfield>
    <subfield code="d">113662</subfield>
  </datafield>
  <datafield tag="952" ind1=" " ind2=" ">
    <subfield code="0">0</subfield>
    <subfield code="1">0</subfield>
    <subfield code="2">ddc</subfield>
    <subfield code="7">0</subfield>
    <subfield code="8">eTEXT</subfield>
    <subfield code="a">Principal</subfield>
    <subfield code="b">Principal</subfield>
    <subfield code="d">2025-05-22</subfield>
    <subfield code="l">0</subfield>
    <subfield code="p">EB0481</subfield>
    <subfield code="r">2025-05-22 10:25:13</subfield>
    <subfield code="t">copias ilimitadas</subfield>
    <subfield code="w">2025-05-22</subfield>
    <subfield code="y">EB</subfield>
  </datafield>
</record>
